000 00210 a2200097 4500
001 2373
100 _aToms, C F
245 _aIntroduction to aeronautics
260 _a
_bCharles Griffin
_c
090 _c1726
_d1726
942 _aNUST-CAE
_cM
_c8069
999 _c237446
_d237446